Normal view
MARC view
- Castro, Edgardo,
Entry Nombre Personal
001 - NUMERO DE CONTROL
- campo de control: 38593
003 - IDENTIFICADOR DE NUMERO DE CONTROL
- campo de control: UPN
005 - FECHA Y HORA DE LA ÜLTIMA TRANSACCIÓN
- campo de control: 20210219194537.0
008 - DATOS DE LONGITUD FIJA
- campo de control de longitud fija: nabaccnnaabn|||||||||| b |nc|||||d
035 ## - NUMERO DE CONTROL
- Número de control: UPN11000010700
040 ## - FUENTE DE CATALOGACIÓN
- Lenguaje de catalogación: SPA
- Agencia de transcripción: UPN
100 1# - ENCABEZAMIENTO - NOMBRE PERSONAL
- Nombre personal: Castro, Edgardo,
- Fechas asociadas con el nombre: 1962-
670 ## - FUENTE EN LA QUE SE LOCALIZARON DATOS
- Cita de la fuente: T
- Uniform Resource Identifier: www.sigloxxieditores.com.ar/fichaAutor.php?idAutor=1254
680 ## - NOTA PUBLICA DE ACCESO PÚBLICO
- Frase explicativa de la referencia: Es doctor en Filosofía por la Universidad de Friburgo (Suiza), investigador del Conicet y profesor universitario. Sus publicaciones se ocupan de la filosofía contemporánea, particularmente francesa e italiana. Es uno de los principales traductores de la obra de Giorgio Agamben al español, y está a cargo de la edición de los textos de Michel Foucault incluidos en la serie Fragmentos Foucaultianos en Siglo XXI Editores, que también publicó su Diccionario Foucault. Temas, conceptos, autores (2011)
902 ## - CATALOGADOR
- Catalogador: BDV/01062016
